| 000 | 00780nam a2200205 a 4500 | ||
|---|---|---|---|
| 008 | 060316s1972 ||||||||||||||||| || u | ||
| 020 | _a0137230494 | ||
| 020 | _a0137230567 | ||
| 050 | _aTP 155.7 Dou | ||
| 100 | _aDouglas, James Merrill | ||
| 245 | 1 | 0 | _aProcess dynamics and control |
| 246 | _aanalysis of dynamic systems | ||
| 260 |
_aEnglewood Cliffs _bFT Prentice-Hall _c1972 |
||
| 300 | _a2 v. illus. | ||
| 350 | _a0.00 | ||
| 490 | _aPrentice-Hall international series in the physical and chemical engineering sciences | ||
| 500 | _aIncludes bibliographical references | ||
| 650 | 0 | _aCHEMICAL PROCESS CONTROL | |
| 995 |
_D0.00 _FCBU-MAIN LIBRARY (Kitwe) _H1 _I12.30 _UAVAILABLE _ZMain Library Open Access Collection |
||
| 999 |
_c54843 _d54843 |
||